R. P. F. Felicis Potestatis panormitani, Ordinis Minorum S. Francisci de Observantia ministri provincialis, lectoris jubilati, & S. Officii consultoris, &c. Examen ecclesiasticum, in quo universae materiae morales, omnesque ferè casus conscientiae excogitables, solidè ac perspicuè resolvuntur. Cum denuntiationibus ad monitoria, atque edicta; necnon instructione sacrae poenitentiariae, propositionibus damnatis, examine ordinandorum, & arte praedicandi. Opus non tantum confessariis, ac poenitentibus, verùm etiam praedicatoribus, ordinandis, missionariis, cunctisque ecclesiasticis, summoperè utile, ac necessarium

Detalles Bibliográficos
Autor principal: Potesta, Felix, O. F. M., m. 1702
Formato: Libro
Lenguaje:Latin
Publicado: Venetiis : ex typographia Balleoniana, 1728.
Edición:Editio novissima, cui inter alias additiones accessit appendix thesium quesnellianarum
Materias:
Colección:Banco de datos
Acervo:Seminario Conciliar de Nuestra Señora de Guadalupe Querétaro. Qro.. Biblioteca Florencio Rosas. Fondo Reservado
Descripción Física:[4] h., 724 p. ; 4°
Tema general:Teología moral
Notas:Portada tipográfica a dos tintas con viñeta central en grabado xilográfico. Título de la anteportada: R. P. F. Felicis Potestatis Examen ecclesiasticum, cum novis additionibus. Texto a dos columnas con paginación en números arábigos, cornisas, titulillos, signaturas y reclamos. Incluye cabecera de título con motivos florales y zoomorfos y letra capitular con motivos florales en grabado xilográfico. Encuadernación en cartón con lomo en piel. Daños de humedad
LEADER 01844nam a22001930004500
035 |a 1720 
041 0 |a lat 
100 1 |a Potesta, Felix, O. F. M., m. 1702 
245 1 0 |a R. P. F. Felicis Potestatis panormitani, Ordinis Minorum S. Francisci de Observantia ministri provincialis, lectoris jubilati, & S. Officii consultoris, &c. Examen ecclesiasticum, in quo universae materiae morales, omnesque ferè casus conscientiae excogitables, solidè ac perspicuè resolvuntur. Cum denuntiationibus ad monitoria, atque edicta; necnon instructione sacrae poenitentiariae, propositionibus damnatis, examine ordinandorum, & arte praedicandi. Opus non tantum confessariis, ac poenitentibus, verùm etiam praedicatoribus, ordinandis, missionariis, cunctisque ecclesiasticis, summoperè utile, ac necessarium 
250 |a Editio novissima, cui inter alias additiones accessit appendix thesium quesnellianarum 
260 |a Venetiis : ex typographia Balleoniana, 1728. 
300 |a [4] h., 724 p. ; 4° 
500 |a Portada tipográfica a dos tintas con viñeta central en grabado xilográfico. Título de la anteportada: R. P. F. Felicis Potestatis Examen ecclesiasticum, cum novis additionibus. Texto a dos columnas con paginación en números arábigos, cornisas, titulillos, signaturas y reclamos. Incluye cabecera de título con motivos florales y zoomorfos y letra capitular con motivos florales en grabado xilográfico. Encuadernación en cartón con lomo en piel. Daños de humedad 
504 |a Al principio de la obra está el índice de contenido. Al final están el índice cosas notables y el índice de materias 
650 1 0 |a Teología moral  
949 |a Fondo Reservado: 3495 
942 |c QUER-RES 
943 |g Seminario Conciliar de Nuestra Señora de Guadalupe Querétaro. Qro.. Biblioteca Florencio Rosas. Fondo Reservado 
999 |c 1109384  |d 1109384